000 00687nam a2200205Ii 4500
003 JO-AjNU
008 230606s9999||||xx |||||||||||||| ||und||
020 _a978-1-90545-686-8-(hbk) , 978-1-90545-687-5(pbk)
040 _aJO-AjNU
_beng
_erda
_cJO-AjNU
041 _aeng
050 1 4 _aPR2984 2007
100 3 _aJones, Katherine Duncan, م.مشارك H.R. Woudhusen,
_eauthor
_92814
245 0 0 _aShakespeare,s Poems: Venus and Adonis, The Rape of Lucrece and the Shorter Poems
264 3 1 _aLondon: AS, 2007
300 _a593p
336 _atext
_btxt
_2rdacontent
337 _aunmediated
_bn
_2rdamedia
338 _avolume
_bnc
_2rdacarrier
650 4 _aShakespeare, William
_92815
999 _aE1475
_c1475
_d1475